000 00326nam a22000977a 4500
008 180423b xxu||||| |||| 00| 0 eng d
100 _aTemprano, Leo
245 _aCatalogo de estampillas de Colombia
260 _aBogata, Columbia
_bFilatelia Tematica L.T.
_c1986
650 _aColombia | Catalogs and Price Lists | Dealer Publications
999 _c2733
_d2733